Missing Word: Harry Potter Surname Challenge Quiz Stats

 Plays Quiz Updated Aug 9, 2018

Challenge
Share
Tweet
Embed
Score 0/20 Timer 02:00
3 Plays Today
First Name Surname % Correct
Xenophilius ______Lovegood
95.9%
Padma ______Patil
93.3%
Lee ______Jordan
88.9%
Romilda _____Vane
86.6%
Zacharias ______Smith
86.4%
Stan ______Shunpike
83.9%
Gabrielle ______Delacour
81.8%
Blaise ______Zabini
81%
Dedalus ______Diggle
78.6%
Morfin ______Gaunt
76.6%
First Name Surname % Correct
Bertha ______Jorkins
72.2%
Pius ______Thicknesse
70.7%
Augusta ______Longbottom
65.1%
Piers _____Polkiss
59.2%
Roger ______Davies
57.3%
Antioch _______Peverell
46%
Walden ______Macnair
45.9%
Augustus ______Rookwood
45.7%
Rolanda ______Hooch
44.8%
Miles ______Bletchley
15.5%

Today's Daily Dose

Missing Word
New England Movies

Word Ladder
Royal Titles

Get the Picture
Big 4 'B' All-Stars

You're not logged in!

Compare scores with friends on all Sporcle quizzes.
OR
Log In

You Might Also Like...

Show Comments

Extras

Top Quizzes Today


Score Distribution

Your Account Isn't Verified!

In order to create a playlist on Sporcle, you need to verify the email address you used during registration. Go to your Sporcle Settings to finish the process.

Report this User

Report this user for behavior that violates our Community Guidelines.

Details: